NHL Players by Team History - Statistics

General Stats
  • This quiz has been taken 1,140 times
  • The average score is 11 of 27
Answer Stats
Teams Player % Correct
Oilers*, Kings, Blues, Rangers Wayne Gretzky
98%
Oilers*, Rangers*, Canucks, Rangers Mark Messier
84%
Canadiens*, Avalanche* Patrick Roy
69%
Penguins*, Capitals, Rangers, Flyers, Stars, Bruins, Devils, Panthers Jaromir Jagr
66%
Jets, Ducks, Sharks, Avalanche, Ducks* Teemu Selanne
58%
Nordiques, Maple Leafs, Canucks Mats Sundin
52%
Nordiques, Avalanche*, Flyers, Predators, Avalanche Peter Forsberg
52%
Islanders, Senators, Bruins* Zdeno Chara
50%
Flames, Blues, Stars*, Red Wings*, Coyotes Brett Hull
47%
Canadiens*, Rangers, Nordiques Guy Lafleur
46%
Senators, Thrashers, Penguins, Red Wings, Blackhawks* Marian Hossa
43%
Flames, Lightning*, Rangers Martin St. Louis
42%
Flyers, Rangers, Maple Leafs, Stars Eric Lindros
40%
Flyers, Blue Jackets, Kings* Jeff Carter
39%
Flames, Penguins, Bruins, Avalanche Jarome Iginla
38%
Whalers, Blues, Oilers, Ducks*, Flyers Chris Pronger
34%
Thrashers, Senators, Sharks, Wild, Ducks, Panthers Dany Heatley
33%
Kings, Penguins, Rangers, Kings, Red Wings*, Kings Luc Robitaille
33%
Canadiens*, Blackhawks, Red Wings*, Thrashers Chris Chelios
32%
Devils, Blues, Whalers, Red Wings*, Rangers, Devils Brendan Shanahan
30%
Blues, Flames*, Maple Leafs, Devils, Blackhawks, Sabres, Canadiens, Maple Leafs Doug Gilmour
28%
Oilers*, Maple Leafs, Sabres, Kings, Blues, Flames Grant Fuhr
26%
Canucks, Islanders, Canadiens, Capitals, Canucks Trevor Linden
25%
Blackhawks, Canadiens*, Lightning, Blackhawks Denis Savard
22%
Red Wings*, Ducks, Blue Jackets, Capitals Sergei Fedorov
22%
Blackhawks, Sharks, Stars*, Maple Leafs, Panthers Ed Belfour
20%
Canadiens, Avalanche, Capitals, Wild, Panthers Jose Theodore
12%
No matching quizzes found
Score Distribution
Percent of People with Each Score
Percentile by Number Answered
Your Score History
You have not taken this quiz